[Event "Harrachov op-B"]
[Site "Harrachov"]
[Date "2009.10.29"]
[Round "7"]
[White "Cesanek, Jaroslav"]
[Black "Kraisl, Vlastimil"]
[Result "1/2-1/2"]
[WhiteElo "1776"]
[BlackElo "1671"]
[PlyCount "51"]
[EventDate "2009.10.24"]
[EventType "swiss"]
[EventRounds "9"]
[EventCountry "CZE"]
[SourceTitle "EXT 2012"]
[Source "ChessBase"]
[SourceDate "2011.11.24"]
[SourceVersion "1"]
[SourceVersionDate "2011.11.24"]
[SourceQuality "1"]

1. d4 d5 2. c4 e6 3. Nc3 Nf6 4. Nf3 Be7 5. Bf4 0-0 6. e3 c6 7. h3 Nh5 8. Bh2 Bd6 9. Ne5 g6 10. Be2 Ng7 11. 0-0 f6 12. c5 Bc7 13. Ng4 Bxh2+ 14. Nxh2 e5 15. b4 Qe7 16. Re1 e4 17. Qb3 Be6 18. a4 f5 19. f4 Rd8 20. b5 Qc7 21. Reb1 Nd7 22. bxc6 bxc6 23. Qb7 Ne8 24. Qxc7 Nxc7 25. Rb7 Rdc8 26. Rab1 1/2-1/2

[Event "Harrachov op-B"]
[Site "Harrachov"]
[Date "2009.10.28"]
[Round "6"]
[White "Kraisl, Vlastimil"]
[Black "Misicko, Jan"]
[Result "1-0"]
[WhiteElo "1671"]
[BlackElo "2136"]
[PlyCount "107"]
[EventDate "2009.10.24"]
[EventType "swiss"]
[EventRounds "9"]
[EventCountry "CZE"]
[SourceTitle "EXT 2012"]
[Source "ChessBase"]
[SourceDate "2011.11.24"]
[SourceVersion "1"]
[SourceVersionDate "2011.11.24"]
[SourceQuality "1"]

1. e4 e5 2. Nf3 Nc6 3. Bb5 Nf6 4. 0-0 d6 5. d4 Bg4 6. dxe5 Bxf3 7. Qxf3 dxe5 8. Rd1 Bd6 9. Bg5 0-0 10. Bxc6 bxc6 11. c4 Qe7 12. Nc3 h6 13. Bxf6 Qxf6 14. Qxf6 gxf6 15. Rd3 Kh7 16. Na4 Rad8 17. Rad1 Kg6 18. c5 Be7 19. Rxd8 Rxd8 20. Rxd8 Bxd8 21. g4 h5 22. h3 Kg5 23. f3 Be7 24. b4 hxg4 25. hxg4 Kf4 26. Kf2 Bf8 27. Nb2 a5 28. a3 axb4 29. axb4 Kg5 30. Nc4 Be7 31. Na5 Kg6 32. Nxc6 Bf8 33. Nb8 Kg7 34. Nd7 Be7 35. b5 Kg6 36. b6 cxb6 37. cxb6 Bd6 38. b7 Kg7 39. b8Q Bxb8 40. Nxb8 Kf8 41. Kg3 Kg7 42. Kh4 Kg6 43. Nc6 Kg7 44. g5 Kg6 45. Ne7+ Kg7 46. gxf6+ Kxf6 47. Nd5+ Ke6 48. Kg5 f5 49. Ne3 fxe4 50. fxe4 Kd7 51. Kf6 Kd6 52. Nf5+ Kd7 53. Kxe5 Ke8 54. Ke6 1-0

[Event "Harrachov op-B"]
[Site "Harrachov"]
[Date "2009.10.27"]
[Round "5"]
[White "Rydl, Adolf"]
[Black "Kraisl, Vlastimil"]
[Result "1-0"]
[WhiteElo "1631"]
[BlackElo "1671"]
[PlyCount "31"]
[EventDate "2009.10.24"]
[EventType "swiss"]
[EventRounds "9"]
[EventCountry "CZE"]
[SourceTitle "EXT 2012"]
[Source "ChessBase"]
[SourceDate "2011.11.24"]
[SourceVersion "1"]
[SourceVersionDate "2011.11.24"]
[SourceQuality "1"]

1. e4 e5 2. Nf3 Nf6 3. Nxe5 d6 4. Nf3 Nxe4 5. d4 d5 6. Bd3 Bg4 7. h3 Bh5 8. 0-0 Nc6 9. c3 Be7 10. Re1 Bg6 11. Bb5 0-0 12. Bxc6 bxc6 13. Ne5 c5 14. Nc6 Qd6 15. Nxe7+ Qxe7 16. f3 1-0

[Event "Sec Almed op"]
[Site "Sec u Chrudimi"]
[Date "2008.10.29"]
[Round "6"]
[White "Felcman, Tomas"]
[Black "Kraisl, Vlastimil"]
[Result "1-0"]
[WhiteElo "1764"]
[BlackElo "1722"]
[PlyCount "31"]
[EventDate "2008.10.25"]
[EventType "swiss"]
[EventRounds "9"]
[EventCountry "CZE"]
[SourceTitle "EXT 2022"]
[Source "ChessBase"]
[SourceDate "2021.10.06"]
[SourceVersion "1"]
[SourceVersionDate "2021.10.06"]
[SourceQuality "1"]

1. d4 d5 2. c4 e6 3. Nc3 Nf6 4. Bg5 Be7 5. e3 0-0 6. Nf3 h6 7. Bh4 b6 8. Qc2 Bb7 9. cxd5 Nxd5 10. Bxe7 Nxe7 11. Be2 Na6 12. Qa4 Qc8 13. Rc1 c6 14. Ne4 Rd8 15. Qa3 Nc7 16. Qxe7 1-0

[Event "Sec Almed op"]
[Site "Sec u Chrudimi"]
[Date "2008.10.26"]
[Round "2"]
[White "Hanzlik, David"]
[Black "Kraisl, Vlastimil"]
[Result "1-0"]
[WhiteElo "1451"]
[BlackElo "1722"]
[PlyCount "71"]
[EventDate "2008.10.25"]
[EventType "swiss"]
[EventRounds "9"]
[EventCountry "CZE"]
[SourceTitle "EXT 2022"]
[Source "ChessBase"]
[SourceDate "2021.10.06"]
[SourceVersion "1"]
[SourceVersionDate "2021.10.06"]
[SourceQuality "1"]

1. f4 d5 2. Nf3 c5 3. e3 g6 4. d4 Bg7 5. dxc5 Qa5+ 6. c3 Qxc5 7. Nd4 a6 8. Bd3 Nc6 9. 0-0 Nh6 10. Nd2 Nxd4 11. cxd4 Bxd4 12. Qa4+ Bd7 13. Qxd4 Qxd4 14. exd4 Ng4 15. Nf3 0-0 16. Ne5 Nxe5 17. fxe5 Kg7 18. Bg5 f6 19. exf6+ exf6 20. Bd2 Rfe8 21. Rfe1 Kf7 22. Rac1 Rxe1+ 23. Bxe1 Rc8 24. Rc5 Re8 25. Kf2 Ke6 26. Rc7 Rb8 27. Be2 b5 28. Bg4+ f5 29. Bf3 Kd6 30. Rc5 Be6 31. Ke3 g5 32. g3 Rc8 33. Bb4 Kd7 34. Bxd5 Rxc5 35. Bxe6+ Kxe6 36. Bxc5 1-0